Historia del imperio de Alejandro / (Record no. 158512)

MARC details
000 -LEADER
campo de control de longitud fija 00779nam a22002055i 4500
001 - NÚMERO DE CONTROL
campo de control 158512
003 - IDENTIFICADOR DE NÚMERO DE CONTROL
campo de control ES-MaACL
005 - FECHA Y HORA DE LA ÚLTIMA TRANSACCIÓN
campo de control 20231226211332.0
008 - DATOS DE LONGITUD FIJA--INFORMACIÓN GENERAL
campo de control de longitud fija 940202s1895 sp |||| | spa d
040 ## - FUENTE DE CATALOGACIÓN
Centro catalogador/agencia de origen AR
Lengua de catalogación spa
100 1# - ENTRADA PRINCIPAL--NOMBRE DE PERSONA
Nombre de persona Mahaffy D.D., Juan P.
9 (RLIN) 129353
245 10 - MENCIÓN DEL TÍTULO
Título Historia del imperio de Alejandro /
Mención de responsabilidad, etc. Juan P. Mahaffy D.D. ; versión española por Manuel José Quintana.
260 ## - PUBLICACIÓN, DISTRIBUCIÓN, ETC.
Lugar de publicación, distribución, etc. Madrid :
Nombre del editor, distribuidor, etc. El progreso editorial,
Fecha de publicación, distribución, etc. 1895.
300 ## - DESCRIPCIÓN FÍSICA
Extensión XX, 367 p., [9] h. de lam. :
Otras características físicas il. ;
Dimensiones 22 cm.
490 1# - MENCIÓN DE SERIE
Mención de serie Historia de las naciones
700 1# - ENTRADA AGREGADA--NOMBRE PERSONAL
Nombre de persona Quintana, Manuel José,
Fechas asociadas al nombre 1772-1857
9 (RLIN) 94670
830 0# - PUNTO DE ACCESO ADICIONAL DE SERIE-TÍTULO UNIFORME
Título uniforme Historia de las naciones
9 (RLIN) 182232
852 ## - LOCALIZACIÓN
Ubicación ES-MaACL
Número de control de estantería C-3264
Nota libre -- Enc. ed. en tela verde con planchas en beige y dorado : "P. Carcedo"
Holdings
Estatus retirado Estado de pérdida Estado de daño No para préstamo Colección Biblioteca de origen Biblioteca actual Ubicación en estantería Fecha de adquisición Fuente de adquisición Total de préstamos Signatura topográfica completa Código de barras Visto por última vez Precio de reemplazo Tipo de ítem Koha
        Libros del s. XIX Biblioteca del Ateneo de Madrid Biblioteca del Ateneo de Madrid Sala Palomar 17/01/2008     C-3264 1165910 23/02/2023 23/02/2023 Libro impreso antiguo